| 000 | 00339nam a2200145Ia 4500 | ||
|---|---|---|---|
| 008 | 200615s9999||||xx |||||||||||||| ||und|| | ||
| 020 | _a9780070000000 | ||
| 082 |
_a4 _bGAV-D |
||
| 100 | _aGAV PAI | ||
| 245 | 0 | _aDATA STRUCTURES AND ALGORITHMS | |
| 250 | _a1ST | ||
| 260 |
_anew delhi _bMC GRAW HILL _c2017 |
||
| 300 | _a861 | ||
| 942 | _cBK | ||
| 999 |
_c30061 _d30061 |
||